| 000 | 00815nam a2200241 a 4500 | ||
|---|---|---|---|
| 001 | 56008 | ||
| 003 | BD-RjUL | ||
| 005 | 20211209080337.0 | ||
| 008 | 161124s1955 ii ||||| |||| 00| 0 ben d | ||
| 020 | _c: IRs 4.00 | ||
| 035 | _a(BD-RjUL) 56132 | ||
| 040 |
_aBD-RjUL _bben _cBD-RjUL |
||
| 041 | _aben | ||
| 082 |
_223 _a891.441 _bMIA 1955 |
||
| 100 |
_aমিঞা, মুহম্মদ সাদেক _9166725 |
||
| 245 | 1 | 0 |
_aআলাপ-প্রলাপ / _cমুহম্মদ সাদেক মিঞা |
| 260 |
_aঢাকা : _bমুহম্মদ আরিফ, _c১৯৫৫ |
||
| 300 |
_aখণ্ড. ; _c১৭ সেমি . |
||
| 505 | _aখণ্ড ১ --- | ||
| 650 |
_aবাংলা কবিতা _9166726 |
||
| 650 |
_aBengali Poetry _9166727 |
||
| 942 |
_2ddc _cBK |
||
| 999 |
_c56008 _d56008 |
||